Statistics for Top 5 Least Populous 4-Letter Countries

Click here to take the quiz!

General Stats

  • This quiz has been taken 49 times
  • The average score is 4 of 5

Answer Stats

#4-letter country% Correct
1Fiji
85%
4Laos
68%
2Togo
68%
5Cuba
65%
3Oman
65%

Score Distribution

Percentile by Number Answered

Percent of People with Each Score

Your Score History

You have not taken this quiz